000 00699nam a2200241Ia 4500
003 OSt
005 20220927110352.0
006 a|||||r|||| 00| 0
007 ta
008 220926b |||||||| |||| 00| 0 eng d
024 _a55423
037 _cReports
040 _aRTL
_cRTL
_beng
041 _2eng
_aeng
082 _a"X:97D.3.N67<--N45, L3"
100 _aDorfman Gerald A
_9376890
245 0 _a"Wage politics in Britain, 1945-1967"
260 _aIowa
_bIowa State University Press
_c1973
300 _a"x,180p Bib p 160-76"
_ccm.
650 _aTrade Unions
942 _h"X:97D.3.N67<--N45, L3"
_cCC
999 _c695913
_d695913